Nemecko-slovenský a slovensko-nemecký príručný výkladový slovník z marketingového manažmentu

Salvato in:
Dettagli Bibliografici
Autori principali: Jurčo, Vladislav (Autore), Körmendy, Viliam (Autore), Konštiak, Pavol (Autore)
Natura: Libro
Pubblicazione: Bratislava : IRIS, 2006
Soggetti:
Tags: Aggiungi Tag
Nessun Tag, puoi essere il primo ad aggiungerne!!

MARC

LEADER 00000nam a22000003a 4500
001 stu162443
005 20150617225958.1
008 080430s2006----xo----------------------d
020 |a 80-969477-5-3 
040 |a STU  |b slo 
041 0
044 |a xo 
080 |a 801.323=30=854 
080 |a 801.323=854=30 
100 1 |a Jurčo, Vladislav  |4 aut 
245 1 |a Nemecko-slovenský a slovensko-nemecký príručný výkladový slovník z marketingového manažmentu 
260 |a Bratislava :  |b IRIS,  |c 2006 
300 |a 160 s 
650 7 |a jazykový slovník  |2 stusub 
650 7 |a marketing  |2 estusub 
650 7 |a manažment  |2 stusub 
700 1 |a Körmendy, Viliam  |4 aut 
700 1 |a Konštiak, Pavol  |4 aut 
996 |b 284M067637  |c M*12297-3  |l MMKN  |s A  |a 24  |w stu162443_0001 
996 |b 284M067638  |c M*12297-4  |l MMKN  |s A  |a 24  |w stu162443_0002 
996 |b 284M067639  |c M*12297-5  |l MMKN  |s A  |a 24  |w stu162443_0003 
996 |b 284M067635  |c M*12297-1  |l MMKN  |s A  |a 24  |w stu162443_0004 
996 |b 284M067636  |c M*12297-2  |l MMKN  |s A  |a 24  |w stu162443_0005